000 00487nam a2200169 a 4500
005 20140412111235.0
008 010329s19uu xx 00 eng d
020 _a0-673-23912-8
050 _aTR(GS 501
_bINV
245 _aInvitation to mathematics: 2 /
_cL. Carey Bolster, et. al.
250 _aTeacher's Edition
260 _aGlenview, Ill :
_bScott, Foresman and Company,
_c1988.
300 _aT57D ; 495 p.
440 _aScottForesman
650 _aMathematics
999 _c102404
_d102404